• 首页
  • 本馆介绍
  • 公告通知
  • 最新文献
  • 馆藏检索
  • 电子资源
  • 读者导购
  • 参考咨询
  • 我的图书馆
  • 登录
  • 详细信息显示
  • 放入我的书架
  • 预约/预借图书
  • 作者相关作品
  • 分类相关作品
  • 丛书相关作品
  • 出版社相关作品

书目信息

  • 表格格式
  • 工作单格式
  • 卡片格式
题名:
列子
    
 
作者: 列御寇 撰
分册:  
出版信息: 北京   中国书店  2018
页数: 284页
开本: 27cm
丛书名: 钦定四库全书
单 册:
中图分类: B223.2
科图分类:
主题词: 道家
电子资源:
ISBN: 978-7-5149-2088-8
000 00961oam2 2200301 450
001 012001012148
005 20140103183039.0
010    @a978-7-5149-2088-8@dCNY66.00
100    @a20181129e2018 em y0chiy50 ea
101 0  @achi
102    @aCN@b110000
105    @ay z 000yy
106    @ar
200 1  @a列子@9lie zi@f(战国)列御寇撰
205    @a[影印本]
210    @a北京@c中国书店@d2018
215    @a284页@d27cm
225 1  @a钦定四库全书@i子部
300    @a四库全书·道家类
330    @a本书八卷,旧本题周列御寇撰。《列子》书言郑国,皆言子产、邓析,不知向何以言之如此。此书第三卷周穆王篇所叙驾八骏,造父为御,至巨搜,登昆仑,见西王母於瑶池事,一一与传相合。其学说本于黄帝老子,归同于老、庄。
461  0 @12001 @a钦定四库全书
462  0 @12001 @a子部
605    @a《列子》
606 0  @a道家
690    @aB223.2@v5
701  0 @c(战国)@a列御寇@9lie yu kou@4撰
801  0 @aCN@b上海新华@c20191020
905    @b1139519-22@dB223.2@e938@f4
    
    列子/(战国)列御寇撰.-[影印本].-北京:中国书店,2018
    284页;27cm.-(钦定四库全书.子部)
    四库全书·道家类
    
    ISBN 978-7-5149-2088-8:CNY66.00
    本书八卷,旧本题周列御寇撰。《列子》书言郑国,皆言子产、邓析,不知向何以言之如此。此书第三卷周穆王篇所叙驾八骏,造父为御,至巨搜,登昆仑,见西王母於瑶池事,一一与传相合。其学说本于黄帝老子,归同于老、庄。
●
相关链接 在E读中查询图书 在五车中查询图书 在当当中查询图书 在豆瓣中查询图书


正题名:列子     索取号:B223.2/938         预约/预借

序号 登录号 条形码 馆藏地/架位号 状态 备注
1 1139519   211395195   第一样本阅览室/ [索取号:B223.2/938] 在馆    
2 1139520   211395202   第一借阅区/ [索取号:B223.2/938] 在馆    
3 1139521   211395211   第一借阅区/ [索取号:B223.2/938] 在馆    
4 1139522   211395220   第一借阅区/ [索取号:B223.2/938] 在馆    
唐山师范学院图书馆 欢迎您!
大连网信软件有限公司© 版权所有